| 000 | 00452nam a2200169Ia 4500 | ||
|---|---|---|---|
| 008 | 230711s9999||||xx |||||||||||||| ||und|| | ||
| 041 | _aENG | ||
| 082 |
_a621.3822 _bPA-D |
||
| 100 | _aPadmanabhan,K | ||
| 245 | 2 | _aA practical approach to digital signal processing | |
| 250 | _a1st . . Ed. | ||
| 260 |
_c2006 _aNew Delhi _bNew Age International Publishers |
||
| 300 | _a417 | ||
| 650 | _aElectronics Engineering | ||
| 700 | _aAnanthi,S | ||
| 942 | _cBK | ||
| 999 |
_c4537 _d4537 |
||